00610nam a2200229 a 4500001001300000003000900013005001700022008004100039020001000080082001300090100001400103245005000117260002300167300000800190500003500198505001000233700001400243902000800257942000700265952009300272999001500365nice12345678IN_TiNIC20260116011844.0050524s1937 lona grp 000 0 eng  ac10000a201bABD aAbdy, D C aShort Life of Frank Weston-Bishop of Zanzibar aLondonbSpckc1937 a62p aincludes index and biblioraphy2 aIndex1 aAbdy, D C bSRS cBK 00104070aHMIbHMId2007-07-31g100.00l0o201 ABDp5479r2007-07-31w2026-01-16yARB c4475d4475